Statistics for Заставе Африке

Click here to take the quiz!

General Stats

  • This quiz has been taken 793 times
  • The average score is 33 of 54

Answer Stats

Answer% Correct
Јужноафричка Република
97%
Египат
95%
Тунис
93%
Алжир
91%
Кенија
88%
Нигерија
86%
Ангола
85%
Уганда
84%
Обала Слоноваче
75%
Танзанија
75%
Мароко
72%
Сејшели
70%
Мауританија
69%
Гана
69%
Сомалија
68%
Камерун
67%
Етиопија
66%
Сенегал
66%
Либерија
65%
Либија
64%
Нигер
64%
Малави
62%
Есватини
62%
Судан
61%
Чад
61%
Бурунди
60%
Лесото
59%
Замбија
58%
Мадагаскар
58%
Мали
58%
Комори
56%
Буркина Фасо
56%
Зеленортска Острва
56%
Мозамбик
55%
Того
54%
Јужни Судан
54%
Зимбабве
53%
Д.Р. Конго
52%
Боцвана
52%
Еритреја
49%
Бенин
48%
Централноафричка Република
48%
Руанда
46%
Габон
46%
Џибути
42%
Република Конго
41%
Сијера Леоне
40%
Сао Томе и Принсипе
40%
Гвинеја
40%
Екваторијална Гвинеја
39%
Гвинеја Бисао
38%
Маурицијус
37%
Намибија
34%
Гамбија
33%

Score Distribution

Percentile by Number Answered

Percent of People with Each Score

Your Score History

You have not taken this quiz